000 00522nam a2200205Ia 4500
005 20250425161749.0
008 250425s9999 xx 000 0 und d
020 _a0136523552
041 _aeng
082 _a621.3824
100 _aSETIAN, LEO
245 0 _aPRACTICAL COMMUNICATION ANTENNAS WITH WIRELESS APPLICATIONS
250 _aS.E.
260 _aEstados Unidos
_bPRENTICE HALL
_c1998
260 _aUPPER SADDLE RIVER
300 _a569
650 _aANTENAS (ELECTRONICA)
942 _c01
010 _a28123
999 _c215644
_d215644